Pays ayant 5 lettres (avec une carte semi-vide) - Statistiques

Statistiques générales
  • Ce quiz a été pris 433 fois
  • Le résultat moyen est 190 sur 196
Réponses sur la Carte
Les réponses sont colorées sur une échelle allant du rouge au vert en fonction du pourcentage des utilisateurs qui les ont devinées à leur premier essai. Vous pouvez retrouver ces pourcentages ci-dessous.
 
Statistiques - réponses
pays % Correct
x
100%
Chine
95%
Libye
93%
Pérou
90%
Tchad
89%
Ghana
87%
Niger
87%
Suède
87%
Bénin
86%
Chili
86%
Japon
86%
Népal
86%
Kenya
85%
Gabon
84%
Yémen
82%
Maroc
81%
Congo
79%
Liban
71%
Grèce
69%
Syrie
68%
Malte
67%
Tonga
67%
Samoa
66%
Fidji
65%
Haïti
63%
Nauru
62%
Qatar
56%
Aucun quiz correspondant
Distribution des résultats
% des personnes avec chaque résultat
Percentile par nombre de réponses
Votre historique - résultats
Vous n’avez pas pris ce quiz